| 000 | 00559cab a2200169 4500 | ||
|---|---|---|---|
| 001 | ##L132619 | ||
| 008 | 060223n2006 000 0 eng u | ||
| 035 | _a(Sirsi) u132619 | ||
| 041 | 0 | _aeng | |
| 245 | 0 | 0 | _aContracts League |
| 260 | _c2006 | ||
| 490 | 0 |
_aConstruction News _v(6954) 16 February 2006, 17(1) |
|
| 520 | _aMonthly league table showing EC Harris heading the quantity surveying 12-month table with total orders totalling £1 566.1m. | ||
| 590 | _aIKA280206 | ||
| 690 | _aBUILT ENVIRONMENT-QUANTITY SURVEYING-QUANTITY SURVEYORS | ||
| 942 | _n0 | ||
| 999 |
_c76528 _d76528 |
||